LEADER 01846nam0 22003853i 450 001 PUV0970230 005 20251003044316.0 010 $a8849508174 100 $a20250107d2003 ||||0itac50 ba 101 | $aita 102 $ait 181 1$6z01$ai $bxxxe 182 1$6z01$an 183 1$6z01$anc$2RDAcarrier 200 1 $aˆIl ‰concorso tra cassazione e revocazione$econtributo allo studio della formazione e dell'impugnazione del giudicato$fGianpaolo Impagnatiello 210 $aNapoli$cEdizioni scientifiche italiane$d[2003] 215 $a431 p.$d24 cm. 225 | $aPubblicazioni della Facoltà di economia, Università degli studi del Sannio, Benevento$i. Sezione giuridico-sociale$v32 410 0$1001CFI0455826$12001 $aPubblicazioni della Facoltà di economia, Università degli studi del Sannio, Benevento$i. Sezione giuridico-sociale$v32$171201$aUniversità degli studi del Sannio$b : Facoltà di economia$3CFIV177289 606 $aImpugnazione$2FIR$3RAVC030179$9I 606 $aRevocazione$2FIR$3CFIC046132$9I 676 $a347$9DIRITTO PROCESSUALE CIVILE E TRIBUNALI CIVILI$v21 676 $a347.4508$9PROCEDURA D'APPELLO IN MATERIA CIVILE. ITALIA$v23 696 $aRevocazione della sentenza 699 $aRevocazione$yRevocazione della sentenza 700 1$aImpagnatiello$b, Gianpaolo$3NAPV074368$4070$0474714 801 3$aIT$bIT-000000$c20250107 850 $aIT-BN0095 $aIT-NA0079 901 $bNAP 01$cD $n$ 901 $bNAP BN$cMAGAZZINO $nmagazzini correnti divisi per anni 912 $aPUV0970230 950 0$aBiblioteca Centralizzata di Ateneo$c1 v.$d 01D (C) 19 892$e 01C 0800198925 VMA 1 v.$fY $h20130205$i20130205 977 $a 01$a BN 996 $aConcorso tra cassazione e revocazione$9836620 997 $aUNISANNIO